000 00653nam a2200229 i 4500
001 92703
003 ES-MaACL
005 20230906181034.0
007 t|
008 050419s1991 xxk ||||1| eng d
020 _a0-14-013657-6
080 _a929 Mahoma
080 _a297(091)
100 1 _aRodinson, Maxime.
_998146
245 1 0 _aMohammed /
_cMaxime Rodinson ; translated from the french by Anne Carter.
260 _aLondon :
_bPenguin Books,
_c[1991]
300 _aXIX, 360 p. ;
_c20 cm.
600 1 4 _aMahoma.
_975544
650 4 _aIslamismo-
_xHistoria.
_9136316
700 1 _aCarter, Anne.
_935879
852 _aES-MaACL
_jE-11000
_bR.134961
999 _c92703
_d92703